| Поле | Название | Значение |
| |
Тип записи |
a |
| |
Библиографический уровень |
m |
| 001 |
Контрольный номер |
UONB/MAIN/d45c67d0dfeb4feea2521cace4e1305b |
| 005 |
Дата корректировки |
20260416165849.4 |
| 010 |
Индекс ISBN |
__ |
| d |
Цена |
1 р. 60 к. |
| 100 |
Данные общей обработки |
__ |
| a |
Данные общей обработки |
20260416d1900 u y0rusy0189 ca |
| 101 |
Язык документа |
0_ |
| a |
Язык текста |
ger |
| 102 |
Страна публикации |
__ |
| a |
Страна публикации |
RU |
| 105 |
Кодированные данные (монография) |
__ |
| a |
Кодированные данные (монография) |
y z 001yy |
| 200 |
Заглавие и сведения об ответственности |
1_ |
| a |
Заглавие |
Материалы для истории этнографических и антропологических коллекций Императорской академии наук |
| f |
Первые сведения об ответственности |
составил и сообщил Ф. К. Руссов |
| 210 |
Выходные данные |
1_ |
| d |
Дата издания |
1900 |
| 215 |
Физическое описание |
__ |
| a |
Объем |
153 с. |
| 300 |
Общие примечания |
__ |
| a |
Общие примечания |
Текст на нем. яз. |
| 320 |
Библиография |
__ |
| a |
Библиография |
Библиогр. в подстроч. примеч. |
| 461 |
Уровень набора |
_0 |
| 1 |
|
2001 |
| a |
|
Сборник Музея антропологии и этнографии |
| v |
|
Т. 1 |
| 1 |
|
2101 |
| a |
|
Санкт-Петербург |
| c |
|
Наука, Санкт-Петербургское отделение |
| d |
|
1900- |
| 1 |
|
300 |
| a |
|
Доп. тит. л. фр. |
| 1 |
|
001UONB/MAIN/77ff1e0278f642a191f97e1f573595f3 |
| 1 |
|
203 |
| a |
|
Текст |
| b |
|
визуальный |
| c |
|
непосредственный |
| 1 |
|
215 |
| d |
|
30 см |
| 1 |
|
71002 |
| a |
|
Музей антропологии и этнографии им. Петра Великого (Санкт-Петербург) |
| 4 |
|
570 |
| 606 |
Тематические рубрики |
0_ |
| a |
Основная рубрика |
Этнография |
| x |
Основная подрубрика |
Музейные коллекции |
| 686 |
Индексы других классификаций |
__ |
| a |
Классификационный индекс |
63.5л61 |
| 2 |
Код системы |
rubbk |
| 686 |
Индексы других классификаций |
__ |
| a |
Классификационный индекс |
28.7 |
| 2 |
Код системы |
rubbk |
| 702 |
Вторичная интеллектуальная ответственность |
_1 |
| a |
Фамилия |
Руссов |
| b |
Имя (инициалы) |
Ф. К. |
| 4 |
Код отношения |
220 |
| 801 |
Источник записи |
_0 |
| a |
Страна |
RU |
| b |
Организация |
Ульяновская ОНБ |
| c |
Дата составления |
20260416 |
| g |
Правила каталогизации |
RCR |
| 801 |
Источник записи |
_1 |
| a |
Страна |
RU |
| b |
Организация |
Ульяновская ОНБ |
| c |
Дата составления |
20260416 |
| g |
Правила каталогизации |
RCR |
| 901 |
Тип документа |
__ |
| t |
Тип документа |
n |
| w |
Контрольный № источника |
UONB/MAIN/77ff1e0278f642a191f97e1f573595f3 |
| 909 |
Создатель записи |
__ |
| a |
Создатель записи |
Моргунова |
| b |
Дата создания записи |
20260416 |